[Event "FIDE-Wch k.o."]
[Site "Groningen"]
[Date "1997.12.10"]
[Round "1.4"]
[White "Istratescu, Andrei"]
[Black "Chernin, Alexander"]
[Result "1-0"]
[WhiteElo "2550"]
[BlackElo "2640"]
[Annotator "Baburin,A"]
[PlyCount "106"]
[EventDate "1997.12.09"]
[EventType "k.o."]
[EventRounds "7"]
[EventCountry "NED"]
[SourceTitle "CBM 063"]
[Source "ChessBase"]
[SourceDate "1998.03.26"]
[SourceVersion "1"]
[SourceVersionDate "1998.03.26"]
[SourceQuality "1"]

1. e4 g6 2. d4 Bg7 3. c4 d6 4. Nc3 Nc6 5. Be3 e5 6. d5 Nce7 7. Qd2 ({In the
game Sashikiran-Ranola, Calcutta 1998, White tried the sharper} 7. g4 {and
after} f5 8. gxf5 gxf5 9. Qh5+ Ng6 10. exf5 Qh4 11. Qf3 N6e7 12. Bd3 Nh6 13. f6
Rf8 {a very complicated position arose.}) ({Also tempting is} 7. c5 {After} f5
8. Bb5+ Kf8 9. Nf3 a6 10. Be2 f4 11. Bd2 dxc5 $6 12. g3 $1 fxg3 13. hxg3 {
White obtained great compensation for the pawn in the game
Schlosser-Gustafsson, Dresden open 1995. After the further} Qd6 14. Be3 b6 15.
Nd2 b5 16. a4 c6 17. axb5 cxd5 18. Nc4 {White's advantage became decisive.})
7... f5 8. f3 Nf6 9. Bd3 a6 10. h3 f4 11. Bf2 O-O 12. Nge2 g5 13. O-O-O Ng6 {
In positions like this both sides should attack on the side where they have
more space. For White it's the queenside, for Black the opposite wing. The
fact that the players would have to push pawns from in front of their own
kings does not necessarily imply any danger to them - the kings will be safe,
since there are so many of their own pieces around the monarchs. This game is
a classic example of this strategic scenario.} 14. c5 Bd7 15. Kb1 Qe7 16. cxd6
cxd6 17. Nc1 Rfc8 18. Nb3 Qd8 19. a4 $1 {[%csl Rb6] White is trying to fix the
weakness of the b6-square in order to utilise it later.} Bf8 ({After} 19... b5
$2 20. axb5 axb5 21. Na2 $1 {[%csl Rb4,Rc6] Black would soon come to regret
his preudo-active trust on move 19. After the further Nb4 and Rc1 the
c6-squares will become weak, while the b5-pawn will be a permanent weakness as
well. In positions like this Black MUST NOT allow weaknesses to be created on
the queenside - he has to stay passive there and play on the opposite flank.})
20. a5 Be7 21. Rc1 Be8 ({The immediate} 21... h5 $6 {would allow the
blockading move} 22. g4 $1 {as taking 'en passant' is in White's favour:} fxg3
23. Qxg5 gxf2 24. Qxg6+) 22. Na2 Qd7 23. Qb4 Kg7 24. Rhd1 ({The immediate} 24.
Nd2 $5 {would be better.}) 24... h5 25. Nd2 Rxc1+ 26. Rxc1 Rc8 27. Nc4 $1 {
A logical idea - having more space White should not be keen to exchange pieces.
} g4 28. hxg4 hxg4 29. Nc3 Rc7 30. Bb6 Rc8 31. Ba7 ({White could try to
exploit the awkward position of Black's pieces by playing} 31. Bc2 $5) 31...
Rc7 32. Bb6 Rc8 33. Bf2 Rc7 34. b3 $1 Bf8 35. Bb6 Rc8 36. Ba7 Qe7 (36... Rc7 $2
37. Bb8 Rc5 38. Qb6 $18) 37. Nb6 Rd8 ({Black had to give up the c-file, as
after} 37... Rc5 {his rook would get stuck there, while White can move his
rook to another open file by playing} 38. Rh1) 38. Nca4 Nh4 39. Nc8 $1 {
White's pieces begin to penetrate into Black's camp.} Qd7 40. Nab6 Qf7 41. Bb8
gxf3 42. gxf3 Kg8 43. Bc7 $18 {[%csl Rd8]} Rxc8 44. Nxc8 Nxf3 45. Bxd6 Bh6 46.
Ne7+ Kh7 47. Nf5 Bg5 48. Rh1+ Kg6 49. Qc3 Ng4 50. Be2 Nfh2 51. Bxg4 Nxg4 52.
Qh3 Nf6 53. Ne7+ Kg7 {A model game for this pawn structure - White exploited
the advantages of his position in nice fashion.} 1-0

[Event "YUG-chT"]
[Site "Cetinje"]
[Date "1993.??.??"]
[Round "6"]
[White "Makarov, Marat"]
[Black "Todorcevic, Miodrag"]
[Result "1/2-1/2"]
[WhiteElo "2515"]
[BlackElo "2465"]
[Annotator "Belov,I"]
[PlyCount "77"]
[EventDate "1993.??.??"]
[EventType "team"]
[EventRounds "11"]
[EventCountry "YUG"]
[SourceTitle "CBM 038"]
[Source "ChessBase"]
[SourceDate "1994.02.01"]
[SourceVersion "1"]
[SourceVersionDate "1994.02.01"]
[SourceQuality "1"]

1. Nf3 g6 2. d4 Bg7 3. c4 d6 4. g3 Nd7 5. Bg2 e5 6. Nc3 Ne7 7. O-O (7. h4 h6 8.
e4 exd4 9. Nxd4 Ne5 10. O-O O-O 11. b3 N7c6 12. Nde2 f5 13. Nf4 $6 g5 14. hxg5
hxg5 15. Nh5 f4 $1 $17 {Bareev,E Azmaiparashvili,Z SSSR 1986 Inf 41/48/}) 7...
O-O 8. e4 (8. e3 exd4 $1 (8... f5 9. b3 e4 10. Ng5 Nf6 11. f3 c6 12. fxe4 h6
13. e5 $1 dxe5 14. Nf3 e4 15. Ne5 h5 16. h3 $1 $14 {Razuvaev,Y-Azmaiparashvili,
Z SSSR 1984 Inf 37/64/}) 9. Nxd4 Nb6 10. b3 c5 11. Nde2 d5 12. Ba3 dxc4 13.
Qxd8 Rxd8 14. Bxc5 Nc6 15. Rad1 Nd7 $1 $10 {Basin,L-Azmaiparashvili,Z Minsk
1985 Inf 40/70/}) 8... exd4 9. Nxd4 Nc6 (9... Ne5 10. b3 N7c6 11. Nxc6 bxc6 12.
Bb2 Rb8 13. Qd2 Bh3 14. f4 Bxg2 15. Kxg2 Nd7 16. Rad1 Nf6 17. Rfe1 $14 {
Tal,M-Arnason,J Tallinn 1983 Inf 35/76/}) 10. Nxc6 (10. Nde2 Nc5 (10... Nde5
11. b3 f5 12. f4 Nf7 (12... Ng4 13. exf5 Bxf5 14. h3 Nf6 15. Be3 $14 {
Tomaszewski,R-Azmaiparashvili,Z Moscow 1986 Inf 41/49/}) 13. Bb2 fxe4 14. Bxe4
Bh3 15. Bg2 Bxg2 16. Kxg2 Qd7 17. Qd2 Rae8 18. Nd5 $14 {Damljanovic,B-Smyslov,
V Manila 1990 Inf 49/70/}) 11. Be3 f5 12. exf5 Bxf5 13. Qd2 a5 14. Rad1 a4 $6
15. Nd4 Bxd4 16. Bxd4 Nxd4 17. Qxd4 Qf6 18. Nb5 $1 $14 {Nikolic,Pr-Damljanovic,
B Manila 1990 Inf 49/70/}) 10... bxc6 11. f4 $146 (11. Qc2 Ne5 12. b3 Nf3+ 13.
Bxf3 Qf6 $10 {Kirov,N-Azmaiparashvili,Z Baku 1983 Inf 36/77/}) 11... Ba6 12.
Re1 (12. Qe2 Nb6 $17) (12. Qd3 Nc5 13. Qe2 Qb8 $1 $15) 12... Bxc4 13. Qa4 Be6
14. Qxc6 Nc5 15. Qb5 Rb8 16. Qe2 Bc8 $1 $15 17. Be3 Ba6 18. Qd2 Nd3 19. Reb1 $8
c5 $1 20. b3 $6 (20. Bf1 $5 c4 21. Bxd3 cxd3 22. Rd1 Qa5 $13) 20... Re8 $6 (
20... Qa5 $5 21. Nd5 Qxd2 22. Bxd2 Bxa1 23. Rxa1 f6 24. Bc3 Kg7 25. g4 Nb4 $1
$17) 21. Nd5 $1 Nb4 (21... Bxa1 22. Rxa1 Nb4 23. Nxb4 Rxb4 24. Rd1 $1 $44) 22.
Nxb4 cxb4 $2 (22... Rxb4 $5 23. e5 dxe5 24. Qxd8 Rxd8 25. Bxc5 Rb5 26. Bxa7
exf4 27. Rd1 $1 $44) 23. Bd4 $14 Bxd4+ 24. Qxd4 Qb6 25. Rd1 Re6 26. Rac1 (26.
Bh3 Rxe4 $1) 26... Qxd4+ 27. Rxd4 Rb6 28. Rc7 Bb7 29. Rd7 Kf8 30. Rd8+ $6 (30.
Kf2 $5 Ke8 31. Rc7 Re7 32. Rdc4 $14) 30... Re8 31. R4xd6 Rxd6 32. Rxd6 Bxe4 $10
33. Bxe4 Rxe4 34. Kf2 Re7 35. Rd8+ Kg7 36. Rb8 Rc7 37. Rxb4 Rc2+ 38. Kf3 Rxa2
39. Rb7 1/2-1/2

[Event "Yerevan"]
[Site "Yerevan"]
[Date "1989.??.??"]
[Round "?"]
[White "Dokhoian, Yury"]
[Black "Azmaiparashvili, Zurab"]
[Result "1/2-1/2"]
[WhiteElo "2575"]
[BlackElo "2560"]
[Annotator "Bulletin"]
[PlyCount "63"]
[EventDate "1989.05.??"]
[EventType "tourn"]
[EventRounds "11"]
[EventCountry "URS"]
[EventCategory "12"]
[SourceTitle "CBM 014"]
[Source "ChessBase"]
[SourceDate "1990.02.01"]
[SourceVersion "1"]
[SourceVersionDate "1990.02.01"]
[SourceQuality "1"]

1. d4 d6 2. Nf3 g6 3. c4 Bg7 4. Nc3 e5 5. e4 Nc6 6. d5 Nce7 7. Be2 a5 8. O-O
Nh6 $2 9. c5 $1 O-O (9... dxc5 10. Nxe5 Bxe5 11. Bxh6 $16) 10. cxd6 cxd6 11.
Nd2 Bd7 12. Qb3 Rb8 13. Nb5 Nc8 14. Nc4 Be8 15. f4 f6 16. Bd2 b6 17. Rac1 Rb7
18. fxe5 $6 dxe5 $6 {>= 18...fxe5} 19. Nca3 (19. d6 $5 Nf7 (19... Bf7 20. Qh3)
(19... Kh8 20. Rfd1) 20. Nc7 (20. Rfd1 $5 Bxb5 21. Qxb5 Ncxd6 22. Nxd6 Nxd6 23.
Qd5+ Kh8 24. Be3 $18) 20... Ncxd6 21. Ne6 Qe7 22. Nxd6 Qxd6 23. Rfd1 a4 24. Qd5
Qxd5 25. exd5 Bd7 26. Nxf8 Bxf8 $44) 19... Nf7 20. Bg4 Ncd6 21. Qd3 f5 22. exf5
e4 23. Qb3 Nxb5 24. Nxb5 Bxb5 25. Qxb5 Nd6 26. Qc6 Rbf7 27. f6 Rxf6 28. Be6+
Kh8 29. Bc3 (29. Be3 Rxf1+ 30. Rxf1 Rxf1+ 31. Kxf1 $14) 29... Rxf1+ 30. Rxf1
Rxf1+ 31. Kxf1 h5 32. Ke2 1/2-1/2

[Event "Lippstadt"]
[Site "Lippstadt"]
[Date "1995.??.??"]
[Round "11"]
[White "Schlosser, Philipp"]
[Black "Chiburdanidze, Maia"]
[Result "1/2-1/2"]
[WhiteElo "2500"]
[BlackElo "2500"]
[Annotator "Bulletin"]
[PlyCount "125"]
[EventDate "1995.07.??"]
[EventType "tourn"]
[EventRounds "11"]
[EventCountry "GER"]
[EventCategory "7"]
[SourceTitle "EXT 1997"]
[Source "ChessBase"]
[SourceDate "1996.11.15"]
[SourceVersion "1"]
[SourceVersionDate "1996.11.15"]
[SourceQuality "1"]

1. c4 c6 2. e4 {Kein Slawisch heute!} g6 {Aber auch kein Panow!} 3. d4 Bg7 4.
Nc3 d6 5. Nf3 Nd7 6. Be2 e5 7. O-O f6 $2 8. d5 $1 c5 9. Nb5 $1 $16 {Eine
seltsame Episode: Bei der Durchsicht der Schwarzpartien meiner Gegnerin hatte
ich bemerkt, daß sie mitunter 8...f6 spielte. Jedoch entstand zu meiner
Verwunderung nie die Partiestellung. Noch größer war mein Staunen aber nach} (
9. Nb5 {der Partie, als die Exweltmeisterin gestand, daß sie diese Stellung
erst vor einem Jahr auf dem Brett gehabt hatte, aber mit Weiß!! Kleinlaut
fügte sie dann noch hinzu, sie hätte gedacht, ich würde diese Partie nicht
kennen...}) 9... Ke7 (9... Nb6 10. b4 a6 (10... cxb4 11. Be3 Bh6 12. Nxd6+ Qxd6
13. c5 $16) 11. bxc5 dxc5 12. Nc3 $16 {Tschiburdanidse-Gaprindashvili, Kuala
Lumpur 1994 (1-0/45)}) 10. a3 Bh6 11. b4 b6 12. Bb2 Bg7 13. Qa4 Bb7 14. Ne1 (
14. Nxa7 $4 b5 $1 $17 {Fast hätte ich so auch meinerseits eine Vorgabepartie
gespielt.}) 14... Nh6 15. Nd3 a6 16. Nc3 g5 {Wer mich ärgern will, braucht
mich zukünftig nur daran zu erinnern, daß ich diese Stellung nicht gewinnen
konnte!} 17. Qb3 Qc7 18. Bc1 Rhb8 19. Be3 Bc8 20. Rfb1 Kf7 21. a4 $6 Bf8 22.
Qa3 (22. h4 $5) 22... a5 $1 {Verwirklicht die mit 21...Bf8 aufgestellte
"Drohung".} 23. Nb5 Qd8 24. bxa5 bxa5 {Nun ist der Damenflügel einigermaßen
erträglich abgedichtet.} 25. h4 Kg6 26. Qc1 Be7 27. Ne1 Nf8 28. Nf3 Nf7 29. Qd1
Kg7 30. hxg5 $6 {Hilft ohne Grund dabei mit, dem Springer das Feld f6 zu
räumen.} fxg5 31. Nh2 Nd7 $1 32. Bg4 Nf6 33. Bxc8 Qxc8 34. Qc2 h5 {Nun hat
Schwarz fast schon Gegenspiel!} 35. Rb3 Qd7 36. Bd2 g4 37. Rab1 Nh7 38. Nf1 h4
39. Nd4 exd4 40. Rxb8 Rxb8 41. Rxb8 {Mit Mühe und Not hat Weiß endlich etwas
Material gewonnen. Da die Verwertung jedoch nicht trivial ist, zeigen sich
bald Nerven...} Nhg5 42. Bf4 Bf6 43. Qe2 Be5 44. Bxg5 Nxg5 45. Nh2 g3 46. fxg3
hxg3 47. Nf3 Qg4 48. Rb7+ Kh6 49. Re7 {Gerade als ich versuchte, einen Gewinn
nach 49...Bf6 50.Re8 Qh5 51.Rf8 zu finden, folgte zu meiner Überraschung:} Nxe4
$6 50. Re6+ Kg7 (50... Nf6 51. Qd2+ $18) 51. Qb2 Nf6 52. Qb7+ $2 {Dieser
Patzer in der sechsten Stunde verdirbt den Sieg endgültig.} (52. Re7+ Kh6 (
52... Kg6 53. Rxe5 dxe5 54. Nxe5+ $18) (52... Kf8 53. Rxe5 $5 dxe5 54. Qb8+ Kg7
55. Qxe5 $18) 53. Qb8 Qf4 54. Qh8+ Kg6 55. Nh4+ Kg5 56. Rg7#) 52... Kh6 53. Qc8
(53. Qa8 $145 $1 Qf4 54. Qxa5 $18) 53... Qf4 $1 {Diesen eigentlich
naheliegenden Zug hatte ich zu meiner Schande völlig übersehen.} 54. Qf8+ Kg6
55. Qe8+ Kf5 56. Rxf6+ {Mit diesem Rückopfer muß selbst das Dauerschach noch
erzwungen werden.} Bxf6 57. Qe6+ Kg6 58. Qg8+ Kh6 59. Qf8+ Kg6 60. Qg8+ Bg7 61.
Qe6+ Kh7 62. Qh3+ Kg8 63. Qc8+ {Aus das Trauma!} 1/2-1/2

[Event "Dilijan FIDE GP (Women)"]
[Site "Dilijan"]
[Date "2013.06.24"]
[Round "8"]
[White "Batchimeg, Tuvshintugs"]
[Black "Khotenashvili, Bela"]
[Result "1/2-1/2"]
[WhiteElo "2316"]
[BlackElo "2531"]
[Annotator "CB"]
[PlyCount "107"]
[EventDate "2013.06.16"]
[EventType "tourn"]
[EventRounds "11"]
[EventCountry "ARM"]
[EventCategory "11"]
[SourceTitle "CBM 155"]
[Source "ChessBase"]
[SourceDate "2013.07.16"]
[SourceVersion "1"]
[SourceVersionDate "2013.07.16"]
[SourceQuality "1"]

{Once again Batchimeg missed the opportunity to score an immediate victory.
Knotenashvili wasn't well prepared and had an unpleasant ending right out of
the opening.} 1. d4 g6 2. c4 Bg7 3. Nf3 d6 4. Nc3 Nd7 5. e4 e5 6. Bg5 Ne7 7.
Qd2 h6 8. Be3 Nc6 9. Be2 exd4 10. Nxd4 Nde5 11. Nxc6 bxc6 12. c5 Be6 13. Rd1
dxc5 14. Bxc5 Qxd2+ 15. Rxd2 Nc4 16. Bxc4 Bxc4 17. Bd4 Bxd4 18. Rxd4 Be6 19.
O-O Ke7 20. Rfd1 Rhb8 21. R4d2 Rb4 22. f3 Rc4 23. Rd4 Rc5 24. Kf2 Rb8 25. R1d2
a5 26. R4d3 Rh5 27. h3 Rc5 28. b3 g5 29. g4 Rb4 30. Kg3 Kf6 31. h4 Ke5 32. h5
Rb8 33. Kf2 Kf4 $2 34. Na4 (34. e5 $1 {with the threat 35.Re3 and 36.Ne2#
could have ended the game.} Kxe5 35. Re3+ Kf6 36. Ne4+) 34... Rc1 35. Rd1 Rxd1
36. Rxd1 Bxb3 37. Rb1 Rd8 38. Rxb3 Rd2+ 39. Ke1 Rxa2 {Black has organized a
strong counterattack. White soon lost all her pawns and had to agree to a draw.
} 40. Nc3 a4 41. Rb7 Rc2 42. Nxa4 Kxf3 43. Rxc7 Rc4 44. Nb2 Rxe4+ 45. Kf1 Kxg4
46. Nd3 Re3 47. Nf2+ Kxh5 48. Rxf7 g4 49. Rf6 Rf3 50. Rxc6 g3 51. Rc2 Kh4 52.
Kg2 gxf2 53. Rxf2 Rxf2+ 54. Kxf2 1/2-1/2

[Event "POL-chT 51st"]
[Site "Lubniewice"]
[Date "1995.??.??"]
[Round "2"]
[White "Urban, Klaudiusz"]
[Black "Krasenkow, Michal"]
[Result "0-1"]
[WhiteElo "2470"]
[BlackElo "2590"]
[Annotator "Chekhov,V"]
[PlyCount "92"]
[EventDate "1995.09.14"]
[EventType "team-tourn"]
[EventRounds "11"]
[EventCountry "POL"]
[SourceTitle "EXT 1997"]
[Source "ChessBase"]
[SourceDate "1996.11.15"]
[SourceVersion "1"]
[SourceVersionDate "1996.11.15"]
[SourceQuality "1"]
[WhiteTeam "Poznan Pocztowiec"]
[BlackTeam "Gorzow Welkopolski"]
[WhiteTeamCountry "POL"]
[BlackTeamCountry "POL"]

1. d4 g6 2. c4 Bg7 3. Nc3 d6 4. e4 Nc6 5. Be3 e5 6. d5 (6. dxe5 dxe5 7. Qxd8+
Nxd8 8. O-O-O (8. Nb5 $5 Ne6 9. Nxa7 Bd7 10. Nb5 Nf6 11. f3 c6 12. Nc3 Nd4 13.
Bd3 Be6 14. Rd1 Nd7 $44 {Wilk,B-Karpik,T/Czestochowa/1992/1|0/51/}) 8... Ne6 9.
Nf3 Ne7 10. Bd3 Nc6 11. Bc2 Bd7 12. Ba4 h6 13. Rd2 O-O-O 14. Rhd1 Ncd4 $36 {
Ruiz,J-Hodgson,J/Ibercaja/1993/0|1/22/}) (6. Nge2 $5 Nh6 $5 7. f3 f5 8. dxe5 $6
(8. Qd2 $5 Nf7 9. O-O-O O-O $132) 8... Nxe5 9. Nd4 O-O 10. Qd2 Nef7 11. Be2
fxe4 12. Nxe4 Nf5 13. Nxf5 Bxf5 14. Nc3 Re8 15. g4 Be6 16. O-O Qh4 $40 {
Solonar,S-Zaitsev,I/Orel/1994/0|1/41/}) 6... Nce7 (6... Nd4 $5) 7. c5 (7. g4 $5
f5 (7... Nf6 $5) 8. gxf5 gxf5 9. Qh5+ Kf8 (9... Ng6 10. exf5 Qh4 11. Qf3 $14)
10. Bh3 Nf6 11. Qf3 f4 12. Bd2 h5 13. Bxc8 Qxc8 14. O-O-O a6 15. Kb1 Bh6 16.
Qd3 b6 17. Nf3 Kf7 18. Bc1 Rg8 19. Rhg1 Qd7 $132 {Flear,G-Sibilio,M/Rome/1990/
1|0/48/}) 7... f5 8. cxd6 cxd6 9. Bb5+ Kf8 10. f3 Bh6 11. Bxh6+ (11. Bf2 $6 Nf6
12. h3 Kg7 13. Nge2 Rf8 14. Ng3 Rf7 15. Qb3 Qa5 16. Bd3 fxe4 17. fxe4 Nd7 $15 {
Molnar,V-Poley,V/Rimavska Sobota/1991/0|1/67/}) 11... Nxh6 12. Qd2 Nf7 (12...
Kg7 $6 13. f4 $5 fxe4 $6 (13... Nf7 $5) 14. fxe5 Ng4 15. e6 Nf5 16. Nxe4 Nge3
17. Nf3 $18 {Franko-Maksimovic,B/Vrnjachka Banja/1983/1|0/28/}) 13. Nge2 (13.
exf5 Nxf5 14. Nge2 Qb6 15. a4 Qe3 16. Nd1 Qxd2+ $10 {Matamoros Carlos,S-James,
S/Mendoza/1985/0,5/16/}) 13... Kg7 $5 {/N/} (13... f4 14. h4 h6 15. g3 g5 16.
hxg5 hxg5 17. O-O-O Rxh1 18. Rxh1 Ng6 $132 {Koraksic,L-Ivkov,B/Zemun/1980/0|1/
65/}) 14. Bd3 (14. O-O-O $5) 14... Bd7 15. O-O-O Rb8 16. Kb1 b5 17. Rc1 Qb6 18.
Nd1 $6 (18. h4 $22 f4 19. h5 g5 20. g4 fxg3 21. h6+ $13) (18. f4 $5) 18... f4
$1 19. Rc2 (19. g3 g5 20. gxf4 exf4 $1 21. h4 h6 22. hxg5 hxg5 23. Rg1 Ng6 24.
Qc3+ Nge5 $17) (19. g4 h5 $1) 19... g5 $17 20. Nc1 Ng6 21. Qf2 Qxf2 22. Nxf2
Rbc8 23. Rd1 (23. Rxc8 Rxc8 24. Nb3 Nh4 $1 25. Rg1 h5 26. Be2 Kf6 27. g3 Ng6
$17) 23... Rxc2 24. Kxc2 h5 25. h3 g4 $1 26. hxg4 hxg4 27. Nxg4 Bxg4 28. fxg4
Ng5 29. Nb3 (29. Bxb5 Rh2 30. Rd2 Nxe4 31. Re2 Ng3 32. Rf2 e4 $19) 29... Rh2
30. Rd2 Nh4 31. Kc3 a5 $1 32. a4 (32. Nxa5 b4+ 33. Kc2 (33. Kxb4 f3 $19) 33...
Nxg2 34. Kb3 Nf3 35. Rf2 Nge1 36. Rxh2 Nxh2 37. Be2 f3 38. Bxf3 Nhxf3 39. Kxb4
Nd3+ 40. Kc4 Nf2 $17) (32. Bxb5 $4 Nxe4+) 32... bxa4 33. Nxa5 Kf6 34. Nc4 Ke7
35. Kb4 Nxg2 36. Kxa4 f3 37. Ne3 Kf6 38. Nf5 (38. b4 Rh3 $1 39. Nf5 Nf4 40.
Nxd6 Nxd3 41. Rxd3 f2 42. Rd1 Re3 43. Rf1 Nh3 44. b5 Re1 45. Rxf2+ Nxf2 46. b6
Rb1 47. Nb5 Nxe4 48. b7 Nc5+ $19) 38... Rh8 (38... Rh3 $5) 39. Nxd6 Ne1 40. Bb5
$2 (40. Kb3 $5 Nxd3 (40... Rd8 41. Nf5 Nxd3 42. Rxd3 f2 43. Ng3) 41. Rxd3 f2
42. Rd1 Rd8 43. Rf1 $1 Rxd6 44. Rxf2+ $13) 40... Rd8 41. Ne8+ (41. Nf5 Nxe4 $19
) 41... Kf7 42. d6 Rxe8 43. Bxe8+ Kxe8 44. Rh2 Nxe4 45. Rh5 Nd3 46. Rf5 f2 0-1

[Event "AUT-ch"]
[Site "Voitsberg"]
[Date "1995.??.??"]
[Round "10"]
[White "Hoelzl, Franz"]
[Black "Eisterer, Heinrich"]
[Result "1-0"]
[WhiteElo "2390"]
[BlackElo "2360"]
[Annotator "ChessBase"]
[PlyCount "91"]
[EventDate "1995.??.??"]
[EventType "tourn"]
[EventRounds "15"]
[EventCountry "AUT"]
[EventCategory "5"]
[SourceTitle "CBM 049 Extra"]
[Source "ChessBase"]
[SourceDate "1996.01.01"]
[SourceVersion "1"]
[SourceVersionDate "1996.01.01"]
[SourceQuality "1"]

1. c4 g6 2. d4 Bg7 3. Nf3 d6 4. Nc3 c6 5. e4 a6 6. Be3 b5 7. a3 Nf6 8. cxb5
cxb5 9. Be2 O-O 10. O-O d5 11. e5 Ne4 12. Nd2 Nxd2 13. Qxd2 Nc6 14. b4 e6 15.
f4 Bd7 16. Rfb1 Qe7 17. Bf3 Rfc8 18. Rb3 f5 19. Kh1 Kh8 20. Rab1 Rcb8 21. Ne2
a5 22. Nc1 axb4 23. axb4 Na7 24. Ra3 Nc8 25. Rxa8 Rxa8 26. Nb3 Nb6 27. Qe1 Nc4
28. Bf2 Bh6 29. Bh4 g5 30. fxg5 Bxg5 31. Bf2 Ra3 32. Nc5 Be8 33. Ra1 Bd2 34.
Qd1 Bxb4 35. Rb1 Bc3 36. Bh5 Nd2 37. Rc1 Ne4 38. Nxe4 dxe4 39. Bxe8 Qxe8 40. d5
Bxe5 (40... Bb2 $1 $19 41. Rb1 Rd3 42. Qe1 Bc3) 41. Bd4 Bxd4 42. Qxd4+ e5 43.
Qb6 Qf7 $4 (43... e3 44. Qf6+ Kg8 45. Qxf5 $44) 44. Qb8+ (44. Qd8+ Kg7 45. Qg5+
) 44... Kg7 45. Qxe5+ Qf6 46. Rc7+ 1-0

[Event "Interzonal-16"]
[Site "Biel"]
[Date "1993.??.??"]
[Round "11"]
[White "Smirin, Ilia"]
[Black "Smyslov, Vassily V"]
[Result "1/2-1/2"]
[WhiteElo "2640"]
[BlackElo "2520"]
[Annotator "ChessBase"]
[PlyCount "77"]
[EventDate "1993.07.16"]
[EventType "swiss"]
[EventRounds "13"]
[EventCountry "SUI"]
[SourceTitle "CBM 037"]
[Source "ChessBase"]
[SourceDate "1993.12.01"]
[SourceVersion "1"]
[SourceVersionDate "1993.12.01"]
[SourceQuality "1"]

1. e4 c6 2. c4 g6 3. Nc3 Bg7 4. d4 d6 5. f4 Qb6 6. Be3 (6. Nf3) 6... e5 7. Nf3
exd4 8. Bxd4 Bxd4 9. Qxd4 Qxd4 10. Nxd4 Na6 11. O-O-O Nf6 12. Be2 Bg4 13. Nf3
O-O-O 14. h3 Bxf3 15. Bxf3 $14 Rhe8 16. Rhe1 h5 17. g4 hxg4 18. hxg4 g5 19. e5
dxe5 20. fxg5 Rxd1+ 21. Rxd1 Nd7 22. Be4 Kc7 23. g6 fxg6 24. Bxg6 Rg8 25. Bf5
Nf6 26. Rg1 Rg5 27. Kd2 Nc5 28. b4 Ncd7 29. Ke3 Nb6 30. c5 Nbd5+ 31. Nxd5+ cxd5
32. Kf3 Kc6 33. Re1 e4+ 34. Kf4 Rg7 35. g5 Nh5+ 36. Kg4 Nf6+ 37. Kf4 Nh5+ 38.
Kg4 Nf6+ 39. Kf4 1/2-1/2

[Event "URS-ch50 Final"]
[Site "Moscow"]
[Date "1983.04.21"]
[Round "13"]
[White "Polugaevsky, Lev"]
[Black "Petrosian, Tigran V"]
[Result "0-1"]
[WhiteElo "2625"]
[BlackElo "2605"]
[Annotator "ChessBase"]
[PlyCount "48"]
[EventDate "1983.04.03"]
[EventType "tourn"]
[EventRounds "17"]
[EventCountry "URS"]
[EventCategory "14"]
[SourceTitle "URS-ch"]
[Source "ChessBase"]
[SourceDate "1999.07.01"]
[SourceVersion "1"]
[SourceVersionDate "1999.07.01"]
[SourceQuality "1"]

1. Nf3 g6 2. d4 Bg7 3. c4 d6 4. Nc3 e5 5. e4 Nc6 6. dxe5 Nxe5 7. Nd4 a6 8. Be2
c5 9. Nc2 Be6 10. Nd5 Bxd5 11. exd5 Ne7 12. O-O O-O 13. Rb1 Nf5 14. b4 cxb4 15.
Rxb4 Qc7 16. Bb2 Rfe8 17. Nd4 Nxd4 18. Bxd4 Nd7 19. Be3 {[#]} Rxe3 {
Petrosian's exchange sacriice.} 20. fxe3 Nc5 21. Qc2 Re8 $15 22. Rf3 Bh6 23.
Qc3 Qe7 (23... Re5) 24. Rb6 $2 (24. Rb1 Bxe3+ (24... f5 25. Kh1 Bxe3 26. Bd3
$11) 25. Kh1 Qg5 26. Bd3 Bf4 $15) 24... Na4 0-1

[Event "Debrecen"]
[Site "Debrecen"]
[Date "1989.??.??"]
[Round "?"]
[White "Csom, Istvan"]
[Black "Barbero, Gerardo F"]
[Result "1/2-1/2"]
[WhiteElo "2545"]
[BlackElo "2495"]
[Annotator "ChessBase"]
[PlyCount "33"]
[EventDate "1989.06.??"]
[EventType "tourn"]
[EventRounds "11"]
[EventCountry "HUN"]
[EventCategory "12"]
[SourceTitle "CBM 014"]
[Source "ChessBase"]
[SourceDate "1990.02.01"]
[SourceVersion "1"]
[SourceVersionDate "1990.02.01"]
[SourceQuality "1"]

1. d4 g6 2. Nf3 Bg7 3. c4 d6 4. g3 Nd7 5. Bg2 e5 6. Nc3 Ne7 7. e4 exd4 8. Nxd4
Nc6 9. Nxc6 bxc6 10. Qc2 Ne5 11. O-O O-O 12. b3 g5 (12... c5 13. Bb2 Bb7 14.
Rad1 f5 15. Na4 $1 Qe7 16. f4 Nc6 17. e5 $1 $16 {Csom,I-Azmayparashvili,Z/
Erevan/1989/ -> CBM14}) (12... Nf3+ $5 13. Bxf3 Qf6 {Kirov-Azmayparashvili,Z/
Baku/1983/}) 13. f4 gxf4 14. Bxf4 c5 15. Qd2 Be6 16. Rae1 a5 17. Nd5 $14
1/2-1/2

[Event "Winterthur"]
[Site "Winterthur"]
[Date "1996.??.??"]
[Round "7"]
[White "Kelecevic, Nedeljko"]
[Black "Hug, Werner"]
[Result "1/2-1/2"]
[WhiteElo "2475"]
[BlackElo "2445"]
[Annotator "Donev,I"]
[PlyCount "28"]
[EventDate "1996.09.??"]
[EventType "tourn"]
[EventRounds "11"]
[EventCountry "SUI"]
[EventCategory "9"]
[SourceTitle "CBM 055"]
[Source "ChessBase"]
[SourceDate "1996.12.01"]
[SourceVersion "1"]
[SourceVersionDate "1996.12.01"]
[SourceQuality "1"]

1. d4 d6 2. c4 g6 3. Nc3 Bg7 4. e4 c6 {Antisämisch?} 5. Be3 (5. f3 Qb6 $1) 5...
a6 6. a4 a5 7. Bd3 Na6 8. Rc1 e5 9. Nge2 Nf6 10. h3 (10. f3) 10... O-O 11. O-O
(11. d5) 11... exd4 12. Bxd4 Nc5 13. Bc2 Qe7 14. Ng3 h5 (14... h5 15. Re1 Ne6 (
15... h4 16. Nf1 Nh5 17. Bxg7 Kxg7 18. Qd4+ Qe5 19. Rcd1) 16. Be3 h4 17. Nf5
gxf5 18. exf5 Nc7 19. Bf4 Qd8 20. c5 (20. Qxd6 Na6) 20... d5) 1/2-1/2